00506nam a2200181 i 450000100060000000300090000600500170001500700030003200800410003508000210007610000310009724500520012826000290018030000300020949000260023983000260026585200330029188768ES-MaACL20250813014532.0t|041213s1929 fr ||||1| fre d a821.133.1-31"17"1 aDiderot, Denis,d1713-178410aJacques le fataliste et son maitre / cDiderot. aParis : b[s.n., c1929] a189 p. : bil. ; c19 cm.1 aScripta manent ; v400 aScripta manent ; v40 aES-MaACLjE-10624 bR.134811